Statistiken für Pokemon Gen 1: Attacken von Pikachu

Klicken Sie hier um das Quiz zu spielen!

Allgemein

  • Dieses Quiz wurde 213 mal gespielt
  • Das Durchschnittsergebnis liegt bei 13 aus 29

Antwortstatistiken

Level/TM/VMTypAttacke% Korrekt
Levelaufstieg / TM25ElektroDonner
99%
Levelaufstieg / TM24ElektroDonnerblitz
95%
LevelaufstiegElektroDonnerschock
90%
VM05NormalBlitz
76%
LevelaufstiegNormalRuckzuckhieb
76%
Levelaufstieg / TM45ElektroDonnerwelle
70%
LevelaufstiegNormalHeuler
70%
LevelaufstiegNormalRutenschlag
66%
TM06GiftToxin
62%
TM08NormalBodyslam
52%
LevelaufstiegPsychoAgilität
47%
TM01NormalMegahieb
47%
LevelaufstiegNormalSlam
47%
TM09NormalBodycheck
46%
TM33PsychoReflektor
39%
Levelaufstieg / TM32NormalDoppelteam
36%
LevelaufstiegPsychoLichtschild
36%
TM44PsychoErholung
32%
TM19KampfGeowurf
31%
TM10NormalRisikotackle
30%
TM50NormalDelegator
29%
TM31NormalMimikry
22%
Levelaufstieg / TM39NormalSternschauer
22%
TM34NormalGeduld
20%
TM05NormalMegakick
20%
TM17KampfÜberroller
16%
TM20NormalRaserei
13%
TM40NormalSchädelwumme
12%
TM16NormalZahltag
10%

Verteilung der Resultate

Perzentil nach korrekt beantworteten Fragen

Anzahl Personen mit jedem Resultat

Ihre Resultats-Entwicklung

Sie haben dieses Quiz noch nicht gespielt